000 01154nam a2200265Ia 4500
003 OSt
005 20220923211043.0
006 a|||||r|||| 00| 0
007 ta
008 220922b |||||||| |||| 00| 0 hin d
020 _a8173914044 (hbk)
_c500
024 _a245,993
037 _b01510, 21/02/2011, Kanishka Publishers Distributors
_cTextual
040 _aARTS
_cARTS
_bhin
041 _2hin
_ahin
082 _aNR44wLSA, 152P4
100 _aगोस्वामी, शैलेन्द्र कुमार
_9157658
245 0 _aहिन्दुस्तानी संगीत के महान रचनाकार सदारंग - अदारंग
246 _aHindustānī sangīt ke hinān rachanākār sadāranga - adāranga
260 _aनई दिल्ली
_b कनिष्का पब्लिशर्स
_c2004
300 _a272पृ.
_ccm.
650 _aललित कला
_9156314
942 _hNR44wLSA, 152P4
_cTEXL
_2CC
999 _c294554
_d294554